【プロ野球】 2025年 東京ヤクルトスワローズ 応援歌 - Statistics

General Stats
  • This quiz has been taken 53 times
  • The average score is 19 of 28
Answer Stats
応援歌 選手名 % Correct
「〇〇〇〇!」「〇〇〇〇!」夢へと続く道 「〇〇!」 スタンド越えて打球は 遥かな夢へと続く 行け〇〇 新たな時代を 山田哲人
94%
ここまで飛ばせ〇〇 ホームランホームラン〇〇「〇〇!」 さぁさ鍛えた肉体と 荒ぶる魂で ツバメを救え 「ホセ!」 ファイティングパワー オスナ
91%
割れんばかりの歓声を 背に受け挑めよ「〇〇!」勝利を呼び込む一振りで 皆の夢を掴み取れ サンタナ
91%
君が受けるその球に 込められし思い皆が夢見続けてきた 歓喜の時さ 中村悠平
91%
闘志あふれる一打 今こそ放てよ「〇〇!〇〇!〇〇!〇〇!」 選ばれし猛者集う地で 強く咲く大輪 肥後より携えし力 今こそ解き放て 村上宗隆
88%
お前の為に 叫び続ける永遠に輝け 漢の生き様 長岡秀樹
85%
溢れる情熱 心奮わすホームを守る 最後の砦となれ 古賀優大
82%
新たな道を描き 今踏み出そう 遥か彼方目指す 輝く脚で 西川遥輝
79%
バットに夢をのせ 放つその打球でツバメを勝利へ 導け〇〇 川端慎吾
79%
宿す魂 その剣に乗せ風を切り裂き 鮮やかに駆ける 塩見泰隆
79%
渾身の一振りが今 勝利を決めるここで放て大空へ 行くぞ〇〇 宮本丈
79%
大空彩る 壮麗な華を未だ見ぬ景色の先へ 描けよ〇〇 内山壮真
79%
俊足巧打で スタンド揺るがす〇〇よ今こそ 大空へと羽ばたけよ 並木秀尊
76%
必ず掴む 栄光の瞬間を歓喜待ちわびる 杜を背に挑め 茂木栄五郎
76%
「走れ!」夢叶う日まで 誰よりも速く「〇〇!」神宮(みやこ)の韋駄天 俺らを導け 丸山和郁
74%
凛々しき立ち姿 度胸魅せてくれ流れ変える一振り 空へ虹架けろ 赤羽由紘
71%
掴めチャンス決めろ勝負 嵐を巻き起こせツバメの明日を担え 輝け〇〇 伊藤琉偉
65%
期待背負い今 シャープに放てよ〇〇風を切り走れ 歓喜の輪の中へ 岩田幸宏
62%
勝利の旅路 切り拓く麗しき司令塔 強敵を超えろ 松本直樹
53%
勝利を信じる声が こだまするこの地で今光る君の一打 快音を響かせて 太田賢吾
53%
衝撃が今 突き刺さる痺れる勇姿を 刻み込め 濱田太貴
53%
この一打にかける 熱き男よここで敵を打ち砕き 勝利へと導け 増田珠
53%
希望乗せた一打 歓声を力に放て輝く未来 〇〇切り開け 武岡龍世
50%
歓声響く 憧れの大舞台一振りで 未来を掴み取れ 右打者汎用テーマ
32%
頼むぞ〇〇 ここでホームラン今だ一発ぶちかませ 左打者汎用テーマ
32%
大きな希望と 期待を背に受け大きく羽ばたけ 未来を描け 捕手汎用テーマ
32%
闘志燃やして攻めろよ 投打に輝き放て勝利をその手で 掴み取れ 投手汎用テーマ
32%
新たな風吹かし 栄光掴むんだみなぎる熱い闘志 さあ共に闘おう 外国人野手汎用テーマ
24%
No matching quizzes found
Score Distribution
Percent of People with Each Score
Percentile by Number Answered
Your Score History
You have not taken this quiz